000 00326nam a2200133 i 4500
001 bg
100 1 _aMATARE, Herbert F.
245 0 _aElektronika defektov v poluprovodnikach /
_cHerbert F. Matare.
260 _aMoskva,
_c1974.
040 _cBPK
041 _apol
942 _cKS
008 s pl f |000 0 pol
999 _c26604
_d26604
856 _uhttp://koha.tu.koszalin.pl/cgi-bin/koha/opac-detail.pl?biblionumber=26604
_yKatalog online BPK